000 00503nam a22001697i 4500
999 _c22839
_d22839
003 AR-CdUCM
008 240422b20052005pe ||||| |||| 00| 0 spa d
020 _a84-95618-82-6
040 _aMUNICIPALIDAD PROVINCIAL DEL CUSCO
_cBIBLIOTECA MUNICIPAL DEL CUSCO
082 _a818.5 / B84
_bB84
100 _aBrown, Dan
_949603
245 _aLa Conspiración /
260 _aBarcelona :
_bEdiciones Urano, S.A. ,
_c2005
300 _a438 PƔginas. :
_c16 cm.
942 _2ddc
_cLIBROS
945 _apbj
_d2024-04-22